Les 10 villes les plus peuplées du Val-de-Marne (94) - Statistiques

Statistiques générales
  • Ce quiz a été pris 197 fois
  • Le résultat moyen est 6 sur 10
Statistiques - réponses
Population Communes % Correct
92 900 Créteil
93%
95 300 Vitry-sur-Seine
74%
64 500 Ivry-sur-Seine
68%
58 100 Villejuif
59%
78 400 Champigny-sur-Marne
54%
48 400 Vincennes
54%
46 100 Choisy-le-Roi
44%
57 400 Maisons-Alfort
38%
76 000 Saint-Maur-des-Fossés
38%
52 600 Fontenay-sous-Bois
36%
Aucun quiz correspondant
Distribution des résultats
% des personnes avec chaque résultat
Percentile par nombre de réponses
Votre historique - résultats
Vous n’avez pas pris ce quiz